UK housing market insulated from global financial jitters (Record no. 112631)

MARC details
000 -LEADER
fixed length control field 01143cad a22002295a 4500
001 - CONTROL NUMBER
control field L153652
008 - FIXED-LENGTH DATA ELEMENTS--GENERAL INFORMATION
fixed length control field 110815s20110815 d f s 000 0 eng u
035 ## - SYSTEM CONTROL NUMBER
System control number (Sirsi) u153652
041 0# - LANGUAGE CODE
Language code of text/sound track or separate title eng
050 ## - LIBRARY OF CONGRESS CALL NUMBER
Classification number 333.33 $2 18
110 2# - MAIN ENTRY--CORPORATE NAME
Corporate name or jurisdiction name as entry element Rightmove
245 00 - TITLE STATEMENT
Title UK housing market insulated from global financial jitters
Medium [electronic resource]
260 ## - PUBLICATION, DISTRIBUTION, ETC.
Place of publication, distribution, etc. London
Name of publisher, distributor, etc. Rightmove
Date of publication, distribution, etc. 2011
490 00 - SERIES STATEMENT
Series statement Rightmove House Price Index
Volume/sequential designation August 2011
520 ## - SUMMARY, ETC.
Summary, etc. Average national asking price down by 2.1% on July 2011. Year on year growth is -0.3%. Supply of new sellers remains muted at 30% below 2007 levels, as the number of motivated sellers is broadly matched by the number of serious buyers. Base rates are expected to be unchanged until at least 2013, limiting forced sales and holding down mortgage rates for deposit-rich buyers.
590 ## - LOCAL NOTE (RLIN)
Local note KA
650 24 - SUBJECT ADDED ENTRY--TOPICAL TERM
Topical term or geographic name entry element RIGHTMOVE HOUSE PRICE INDEX
651 #4 - SUBJECT ADDED ENTRY--GEOGRAPHIC NAME
Geographic name United Kingdom
Chronological subdivision
690 ## - LOCAL SUBJECT ADDED ENTRY--TOPICAL TERM (OCLC, RLIN)
Topical term or geographic name as entry element PROPERTY-RESIDENTIAL PROPERTY-RESIDENTIAL PROPERTY MARKET
856 40 - ELECTRONIC LOCATION AND ACCESS
Uniform Resource Identifier <a href="https://www.rightmove.co.uk/news/files/2011/08/august-2011.pdf">https://www.rightmove.co.uk/news/files/2011/08/august-2011.pdf</a>
Public note View the item free of charge at www.rightmove.co.uk
942 ## - ADDED ENTRY ELEMENTS (KOHA)
Suppress in OPAC 0
Holdings
Withdrawn status Lost status Source of classification or shelving scheme Damaged status Not for loan Home library Current library Shelving location Date acquired Total Checkouts Full call number Barcode Date last seen Copy number Price effective from Koha item type
    Dewey Decimal Classification     Virtual Virtual Online 15/08/2011   ONLINE PUBLICATION 153652-2001 06/08/2019 1 06/08/2019 Book